Russian economy: goals, challenges, and achievments (Запись № 11794458)
[ простой вид ]
| 000 -МАРКЕР | |
|---|---|
| контрольное поле | 01854nam1a2200325 i 4500 |
| 001 - ИДЕНТИФИКАТОР ЗАПИСИ | |
| контрольное поле | RU\NLR\BIBL_A\011459375 |
| 005 - ИДЕНТИФИКАТОР ВЕРСИИ | |
| контрольное поле | 20260408083720.0 |
| 035 ## - ДРУГИЕ СИСТЕМНЫЕ НОМЕРА | |
| Идентификатор записи | (RuMoRGB)008932773 |
| 035 ## - ДРУГИЕ СИСТЕМНЫЕ НОМЕРА | |
| Идентификатор записи | (NLR Aleph) 011459375 |
| 100 ## - ДАННЫЕ ОБЩЕЙ ОБРАБОТКИ | |
| Данные общей обработки | 20170728g20179999km y0rusy50 ba |
| 101 0# - ЯЗЫК РЕСУРСА | |
| Язык текста, звукозаписи и т.д. | английский |
| -- | испанский, кастильский испанский |
| -- | французский |
| -- | немецкий |
| 102 ## - СТРАНА ПУБЛИКАЦИИ ИЛИ ПРОИЗВОДСТВА | |
| Страна публикации | российская федерация |
| 105 ## - ПОЛЕ КОДИРОВАННЫХ ДАННЫХ: ТЕКСТОВЫЕ МАТЕРИАЛЫ, МОНОГРАФИЧЕСКИЕ | |
| Кодированные данные о монографическом текстовом документе | ||||z ||||| |
| 200 1# - ЗАГЛАВИЕ И СВЕДЕНИЯ ОБ ОТВЕТСТВЕННОСТИ | |
| Основное заглавие | Russian economy: goals, challenges, and achievments |
| Сведения, относящиеся к заглавию | сборник научных статей студентов бакалавриата и магистратуры |
| Первые сведения об ответственности | Федеральное государственное образовательное учреждение высшего образования "Финансовый университет при Правительстве Российской Федерации" |
| Последующие сведения об ответственности | [отв. ред.: проф. М. В. Мельничук, доц. А. С. Комаров] |
| 210 ## - ПУБЛИКАЦИЯ, РАСПРОСТРАНЕНИЕ И ДР. | |
| Место издания, распространения и т.д. | Москва |
| Имя издателя, распространителя и т. д. | Научные технологии |
| Дата издания, распространения и т.д. | 2017 |
| 215 ## - ФИЗИЧЕСКАЯ ХАРАКТЕРИСТИКА | |
| Размеры | 20 |
| 541 1# - ПЕРЕВОД ЗАГЛАВИЯ, СДЕЛАННЫЙ КАТАЛОГИЗАТОРОМ | |
| Заглавие | Российская экономика: цели, задачи и достижения |
| 606 ## - НАИМЕНОВАНИЕ ТЕМЫ КАК ПРЕДМЕТ | |
| Наименование темы | Экономика |
| Формальный подзаголовок | Съезды, совещания и т.п |
| Системный номер авторитетной/нормативной записи | 1414491 |
| Идентификатор авторитетной/нормативной записи | RU\NLR\AUTH\66284709 |
| 607 ## - ГЕОГРАФИЧЕСКОЕ НАИМЕНОВАНИЕ КАК ПРЕДМЕТ | |
| Географическое наименование | Российская Федерация |
| Формальный подзаголовок | Съезды, совещания и т.п |
| Тематический подзаголовок | Народное хозяйство |
| Системный номер авторитетной/нормативной записи | 2106777 |
| Идентификатор авторитетной/нормативной записи | RU\NLR\AUTH\661273591 |
| 686 1# - ИНДЕКСЫ ДРУГИХ КЛАССИФИКАЦИЙ | |
| Индекс | У.я431 |
| 686 1# - ИНДЕКСЫ ДРУГИХ КЛАССИФИКАЦИЙ | |
| Индекс | У03(2Р)74я431 |
| 702 #1 - ИМЯ ЛИЦА - ВТОРИЧНАЯ ОТВЕТСТВЕННОСТЬ | |
| Начальный элемент ввода | Mel'ničuk |
| Часть имени, кроме начального элемента ввода | M. V. |
| Расширение инициалов личного имени | Marina Vladimirovna |
| Код отношения | Редактор |
| 712 02 - НАИМЕНОВАНИЕ ОРГАНИЗАЦИИ - ВТОРИЧНАЯ ОТВЕТСТВЕННОСТЬ | |
| Код отношения | Прочие |
| Начальный элемент ввода | Финансовый университет при Правительстве Российской Федерации |
| Идентифицирующий признак | Москва |
| Идентификатор авторитетной/нормативной записи | RU\NLR\AUTH\8810171129 |
| Системный номер авторитетной/нормативной записи | 838093 |
| 852 ## - МЕСТОНАХОЖДЕНИЕ И ШИФР ХРАНЕНИЯ | |
| Идентификатор организации | NLR |
| Шифр хранения (Call Number) | Ик 2017-3/462 |
| 942 ## - ДОПОЛНИТЕЛЬНЫЕ ЭЛЕМЕНТЫ ЗАПИСИ (АБИС) | |
| Тип экземпляра АБИС | Книга |
Нет доступных экземпляров.